000 00321nam a22001217a 4500
003 SGT
082 _a301.2
_bB97M
100 _aमोहन, नरेंद्र
245 _aभारतीय संस्कृति
260 _bप्रभात प्रकाशन
_c1997
300 _a374
942 _2ddc
_cBK
999 _c29332
_d29332